Most Common Male Names beginning with C in the USA - Statistics

General Stats
  • This quiz has been taken 1,254 times
  • The average score is 24 of 72
Answer Stats
Hint Answer % Correct
7 Chris
88%
1 Charles
87%
2 Christopher
83%
3 Carl
80%
14 Charlie
79%
26 Cameron
67%
19 Christian
64%
54 Carlo
58%
9 Chad
55%
28 Colin
55%
4 Carlos
54%
46 Cole
51%
41 Chuck
50%
56 Carter
49%
11 Calvin
46%
21 Cody
46%
39 Chase
43%
33 Caleb
42%
72 Chi
42%
17 Cory
42%
42 Curt
41%
15 Chester
40%
12 Corey
40%
5 Craig
40%
32 Clint
39%
58 Carson
38%
29 Cedric
37%
30 Clark
36%
44 Cliff
36%
55 Collin
36%
36 Clay
35%
8 Curtis
35%
23 Casey
34%
16 Cecil
31%
6 Clarence
30%
20 Clinton
30%
13 Clyde
30%
25 Carlton
29%
64 Chance
29%
10 Clifford
29%
22 Clayton
26%
18 Claude
25%
49 Colby
25%
34 Conrad
25%
52 Charley
24%
61 Cyril
23%
38 Cary
22%
60 Cyrus
22%
43 Carey
20%
47 Clement
20%
45 Carmen
19%
67 Carol
16%
63 Chadwick
16%
35 Cornelius
16%
27 Cesar
15%
71 Connie
15%
37 Courtney
15%
53 Cleo
13%
24 Clifton
13%
65 Coleman
13%
51 Cruz
12%
62 Carmine
11%
70 Chang
11%
40 Cleveland
11%
48 Coy
11%
50 Carmelo
10%
57 Clair
9%
68 Claudio
9%
31 Carroll
8%
59 Cornell
7%
69 Chauncey
6%
66 Christoper
6%
No matching quizzes found
Score Distribution
Percent of People with Each Score
Percentile by Number Answered
Your Score History
You have not taken this quiz